1835 1930 1743 1213 1693 1491 1932 1742 1313 1199 1401 1847 1457 1915 1405 1192 1573 1605 1065 1594 1251 1854 1489 1973 1816 1862 1885 1019 1955 1469 1486 1599 1783 1375 1022 1605 1053 1456 1055 1344 1600 1086 1914 1826 1038 1227 1955 1585 1030 1584 1929 1326 1649 1525 1211 1574 1073 1295 1766 1855 1415 1330 1908 1106 1875 1991 1880 1785 1100 1233 1178 1123 1468 1239 1539 1039 1175 1323 1284 1021 1119 1962 1330 1528 1056 1742 1569 1487 1283 1271 1820 1777 1680 1079 1529 1122 1113 1648 1830 BCNSPRNW ULIB Ver.6.0+V

เปลี่ยนเป็นภาษาไทย

Change to English
 แสดงรายละเอียดบรรณานุกรม
  กลับหน้าหลัก

Brief Record : Get Marc (ISO 2709) : E-mail record : QR code < ปิดหน้าต่าง
LEADER : 00000nam 2200000uu 4500
001    13399111808
003     ULIB
008    110708s2550||||th 000 0 tha d
020    9789748485737
050  4 DS569^bก941ว 2550
100 0  สมรักษ์ ชัยสิงห์กานานนท์
245 10 วัฒนธรรม ความตาย กับความหลากหลายทางชาติพันธุ์ :^bมอญ โซ่ง กะเหรี่ยง ม้ง เย้า /^cสมรักษ์ ชัยสิงห์กานานนท์, สรินยา คำเมือง, อธิตา สุนทโรทก
250    พิมพ์ครั้งที่
260    กรุงเทพฯ :^bสำนักวิจัยสังคมและสุขภาพ (สวสส.),^c2550
300    vii, 184หน้า :^bภาพประกอบ ;^c30 ซม.
650  4 กลุ่มชาติพันธุ์
650  4 กลุ่มชาติพันธุ์^xผู้ป่วย^xการดูแล
650  4 ไทย^xความเป็นอยู่และประเพณี
650  4 มอญ^xความเป็นอยู่และประเพณี
650  4 โซ่ง^xความเป็นอยู่และประเพณี
650  4 กะเหรี่ยง^xความเป็นอยู่และประเพณี
650  4 ม้ง^xความเป็นอยู่และประเพณี
650  4 เย้า^xความเป็นอยู่และประเพณี
650  4 ชาวเขา^xพิธีศพ
650  4 ชนกลุ่มน้อย
700 0  สรินยา คำเมือง
700 0  อธิตา สุนทโรทก
945    ^p120^l0^i023254
995    ทศพร
999 ^a ใช้งานได้ทุกระบบ
รายการนี้ยังไม่มีแท็ก
คุณยังไม่ได้ล็อกอิน คุณสามารถมีกิจกรรมร่วมกับเว็บไซต์ได้ แต่ต้องล็อกอินก่อน ::
  ล็อกอิน

รายการสื่อสารสนเทศ

ลำดับที่ ประเภท เลขเรียก/บาร์โค้ด สถานที่ สถานะ
- ไม่พบข้อมูล -

รายการใกล้เคียง
    ผู้แต่ง [สมรักษ์ ชัยสิงห์กานานนท์]

    หัวเรื่อง [กลุ่มชาติพันธุ์]
    หัวเรื่อง [ชนกลุ่มน้อย]

BibComment


ยังไม่เคยถูกคอมเมนท์

คอมเมนท์ทรัพยากรรายการนี้
  คอมเมนท์: วัฒนธรรม ความตาย ..


 Copyright 2026. Bcnsprnw @Library